Statistiques concernant Culture Générale - Série 1298

Cliquez ici pour prendre le quiz!

Statistiques générales

  • Ce quiz a été pris 57 fois
  • Le résultat moyen est 6 sur 10

Statistiques - réponses

QuestionRéponse% Correct
Quelle ville d'Aquitaine est particulièrement réputée pour ses pruneaux ?Agen
96%
Dans l'émission Bonne nuit les petits, de quel instrument joue le Marchand de sable ?flûte
85%
Quelle ville est parfois surnommée « la capitale des Gaules » ?Lyon
83%
Quelle place parisienne est réputée pour ses joailliers ?place Vendôme
81%
Quelle ville européenne s'enfonce de 2 à 7 centimètres tous les siècles depuis sa fondation ?Venise
62%
Dans la chanson de Nena, combien y a-t-il de ballons ?99
55%
Sur les tables des restaurants de quel pays européen trouve-t-on systématiquement du sel et du paprika ?Hongrie
47%
Dans la série Friends, avec quel personnage masculin Rachel Green n'a-t-elle jamais de relation amoureuse ?Chandler
40%
Dans quel pays est née l'émission de téléréalité Big Brother ?Pays-Bas
28%
À Paris, quelle station de métro se trouve au croisement des lignes 3, 5, 8, 9 et 11 ?République
23%

Distribution des résultats

Percentile par nombre de réponses

% des personnes avec chaque résultat

Votre développement - résultats

Vous n’avez pas pris ce quiz